Auditing: principles and problems. Ed 9. (Record no. 97016)
[ view plain ]
| 000 -LEADER | |
|---|---|
| fixed length control field | 00381nam a2200157Ia 4500 |
| 008 - FIXED-LENGTH DATA ELEMENTS--GENERAL INFORMATION | |
| fixed length control field | 210210b1994 xxu||||| |||| 00| 0 eng d |
| 082 ## - DEWEY DECIMAL CLASSIFICATION NUMBER | |
| Classification number | 657.45 SHAA |
| 100 ## - MAIN ENTRY--PERSONAL NAME | |
| Personal name | SHARMA (T R). |
| 245 ## - TITLE STATEMENT | |
| Title | Auditing: principles and problems. Ed 9. |
| 250 ## - EDITION STATEMENT | |
| Edition statement | |
| 260 ## - PUBLICATION, DISTRIBUTION, ETC. | |
| Place of publication, distribution, etc. | Agra. |
| Name of publisher, distributor, etc. | Sahitya Bhavan |
| Date of publication, distribution, etc. | 1994 |
| 300 ## - PHYSICAL DESCRIPTION | |
| Extent | vi,480 |
| 650 ## - SUBJECT ADDED ENTRY--TOPICAL TERM | |
| Topical term or geographic name entry element | Auditing<br/><br/> |
| 690 ## - LOCAL SUBJECT ADDED ENTRY--TOPICAL TERM (OCLC, RLIN) | |
| Topical term or geographic name as entry element | Auditing |
| 906 ## - LOCAL DATA ELEMENT F, LDF (RLIN) | |
| a | 048451 |
| Withdrawn status | Lost status | Source of classification or shelving scheme | Damaged status | Not for loan | Collection code | Home library | Current library | Date acquired | Cost, normal purchase price | Total Checkouts | Full call number | Barcode | Date last seen | Price effective from | Koha item type |
|---|---|---|---|---|---|---|---|---|---|---|---|---|---|---|---|
| Dewey Decimal Classification | Commerce | St Aloysius Library | St Aloysius Library | 02/17/2021 | 50.00 | 657.45 SHAA | 048451 | 02/17/2021 | 02/17/2021 | Book |